Contrasueño / (Record no. 193573)

MARC details
000 -LEADER
campo de control de longitud fija 02332nam a2200385 i 4500
001 - NÚMERO DE CONTROL
campo de control 193573
003 - IDENTIFICADOR DE NÚMERO DE CONTROL
campo de control SpMaBN
005 - FECHA Y HORA DE LA ÚLTIMA TRANSACCIÓN
campo de control 20250831115419.0
007 - CAMPO FIJO DE DESCRIPCIÓN FÍSICA--INFORMACIÓN GENERAL
campo de control de longitud fija ta
008 - DATOS DE LONGITUD FIJA--INFORMACIÓN GENERAL
campo de control de longitud fija 230607s2023 sp a | |||| 000 p spa
017 ## - NÚMERO DE COPYRIGHT O DE DEPÓSITO LEGAL
Número de copyright o de depósito legal B 23624-2022
Agencia que asigna Oficina Depósito Legal Barcelona
020 ## - NÚMERO INTERNACIONAL ESTÁNDAR DEL LIBRO
Número Internacional Estándar del Libro 9788409468430
040 ## - FUENTE DE CATALOGACIÓN
Centro catalogador/agencia de origen SpMaBN
Lengua de catalogación spa
Centro/agencia transcriptor SpMaBN
Normas de descripción rda
080 ## - NÚMERO DE LA CLASIFICACIÓN DECIMAL UNIVERSAL
Número de la Clasificación Decimal Universal 821.134.2-14"19"
080 ## - NÚMERO DE LA CLASIFICACIÓN DECIMAL UNIVERSAL
Número de la Clasificación Decimal Universal 821.146-14"19"
100 1# - ENTRADA PRINCIPAL--NOMBRE DE PERSONA
9 (RLIN) 54853
Nombre de persona García Lorca, Federico,
Fechas asociadas al nombre 1898-1936
Término indicativo de función/relación Autor
245 10 - MENCIÓN DEL TÍTULO
Título Contrasueño /
Mención de responsabilidad, etc. Federico García Lorca, Odysseas Elytis ; edición y traducción, Alonso Silván Rodríguez
250 ## - MENCION DE EDICION
Mención de edición Primera edición: abril 2023
264 #1 - PRODUCCIÓN, PUBLICACIÓN, DISTRIBUCIÓN, FABRICACIÓN Y COPYRIGHT
Producción, publicación, distribución, fabricación y copyright Barcelona :
Nombre del de productor, editor, distribuidor, fabricante La Cama Sol,
Fecha de producción, publicación, distribución, fabricación o copyright 2023
300 ## - DESCRIPCIÓN FÍSICA
Extensión 101 páginas :
Otras características físicas ilustraciones (blanco y negro y color) ;
Dimensiones 24 cm
336 ## - TIPO DE CONTENIDO
Término de tipo de contenido Texto
Fuente rdacontent
337 ## - TIPO DE MEDIO
Nombre/término del tipo de medio sin mediación
Fuente rdamedia
338 ## - TIPO DE SOPORTE
Nombre/término del tipo de soporte volumen
Fuente rdacarrier
500 ## - NOTA GENERAL
Nota general Índice
520 ## - RESUMEN, ETC.
Sumario, etc. El contexto literario, el tradicional y el contemporáneo, le elige al poeta, como la lluvia elige el campo donde cae, no al revés. Y el azar siempre lanza el hilo milagroso del destino, del encuentro. Basta con la disposición natural del poeta, su fecundidad, para que la “influencia”, la voz ajena que quiere dejar de serlo, se trasforme en originalidad por el vigor poético de quien la recibe y sabe escucharla. Harold Bloom ya avisó de algo así cuando invirtió el sentido en la elección del contexto y su acción en la creación poética individual. Pocas veces vemos a un poeta que ayude tanto como Elytis a clarificar, con una identificación tan precisa, las fuentes que irrigaron su inspiración y su arte. El reconocimiento de los poetas contemporáneos europeos exige un compromiso muy especial y valentía, pues no puede quedarse en una simple declaración. La traducción es inexcusable.
655 #7 - TERMINO DE INDIZACIÓN--GENERO/FORMA
Datos o término principal de género/forma Poesías
Fuente del término tgfbne
9 (RLIN) 176539
700 1# - ENTRADA AGREGADA--NOMBRE PERSONAL
Nombre de persona Elýtīs, Odysséas,
Fechas asociadas al nombre 1911-1996
9 (RLIN) 234880
Término indicativo de función/relación Autor
700 1# - ENTRADA AGREGADA--NOMBRE PERSONAL
Nombre de persona Silván, Alfonso,
Fechas asociadas al nombre 1948-
Término indicativo de función/relación Editor literario
9 (RLIN) 234881
852 ## - LOCALIZACIÓN
Ubicación ES-MaACL
Sublocalización o colección R. 154927
Ubicación en estantería Depósito J
Número de control de estantería N-9582
Donativo/Legado Donación: Editorial
itemnumber 201037
Anotaciones manuscritas 488/500
Encuadernación Encuadernación rústica con solapas
942 ## - ELEMENTOS DE ENTRADA SECUNDARIOS (KOHA)
Suprimir en OPAC No
Tipo de ítem Koha Libro impreso
Holdings
Estatus retirado Estado de pérdida Fuente del sistema de clasificación o colocación Estado de daño No para préstamo Biblioteca de origen Biblioteca actual Ubicación en estantería Fecha de adquisición Fuente de adquisición Total de préstamos Signatura topográfica completa Código de barras Visto por última vez Tipo de ítem Koha
    Clasificación decimal universal     Biblioteca del Ateneo de Madrid Biblioteca del Ateneo de Madrid Depósito J 16/01/2024 Donación   N-9582 101206311 16/01/2024 Libro impreso